书目信息 |
| 题名: |
故事里的逻辑
|
|
| 作者: | 吴家麟 编著 | |
| 分册: | ||
| 出版信息: | 银川 宁夏人民出版社 1979 |
|
| 页数: | 400页 | |
| 开本: | 19cm | |
| 丛书名: | ||
| 单 册: | ||
| 中图分类: | B812-49 | |
| 科图分类: | ||
| 主题词: | 形式逻辑--通俗读物 | |
| 电子资源: | ||
| ISBN: | ||
| 000 | 00567nam0 2200217 45 | |
| 001 | 0179003280 | |
| 005 | 20060820085240.34 | |
| 010 | @dCNY0.78 | |
| 091 | @aCN@b2157.3 | |
| 100 | @a19950712d1979 em y0chiy0121 ea | |
| 101 | 0 | @achi |
| 102 | @aCN@b640000 | |
| 105 | @ay z 000yy | |
| 200 | 10 | @a故事里的逻辑@Agu shi li de luo ji@f吴家麟编著 |
| 210 | @a银川@c宁夏人民出版社@d1979 | |
| 215 | @a400页@d19cm | |
| 606 | @a形式逻辑@x通俗读物 | |
| 690 | @aB812-49@v3 | |
| 701 | 0 | @a吴家麟@Awu jia lin@4编著 |
| 801 | 0 | @aCN@bTSSF@c20060820 |
| 905 | @a10447@dB812-49@e156 | |
| 故事里的逻辑/吴家麟编著.-银川:宁夏人民出版社,1979 |
| 400页;19cm |
| ISBN :CNY0.78 |
| ● |
| 相关链接 |
|
|
|
|
正题名:故事里的逻辑
索取号:B812-49/156
 
预约/预借
| 序号 | 登录号 | 条形码 | 馆藏地/架位号 | 状态 | 备注 |
| 1 | 0424645 | 204246459 | 密集书库/ [索取号:B812-49/156] | 在馆 | |
| 2 | 0471280 | 204712800 | 密集书库/ [索取号:B812-49/156] | 在馆 |